[Event "Gibraltar Challengers op-B"]
[Site "Caleta"]
[Date "2019.01.29"]
[Round "4"]
[White "Dasaolu, Rotimi"]
[Black "Livesey, R Nigel"]
[Result "1/2-1/2"]
[WhiteElo "2038"]
[BlackElo "1797"]
[PlyCount "54"]
[EventDate "2019.01.26"]
[EventType "swiss"]
[EventRounds "5"]
[EventCountry "GGB"]
[SourceTitle "CBM 188 Extra"]
[Source "ChessBase"]
[SourceDate "2019.02.28"]
[SourceVersion "1"]
[SourceVersionDate "2019.02.28"]
[SourceQuality "1"]

1. e4 c6 2. d3 d5 3. Nd2 e5 4. Ngf3 Bd6 5. g3 Nf6 6. Bg2 0-0 7. 0-0 Nbd7 8. c3 a5 9. Qc2 dxe4 10. dxe4 Nb6 11. Rd1 Qc7 12. Nf1 Be6 13. Bg5 Be7 14. Nh4 h6 15. Bxf6 Bxf6 16. Nf5 Bxf5 17. exf5 Rad8 18. Nd2 Be7 19. Qe4 Bf6 20. Qg4 Qe7 21. Ne4 Rfe8 22. Bf1 Nc8 23. Rd3 Rxd3 24. Bxd3 Rd8 25. Bc2 Nd6 26. Rd1 Nxe4 27. Bxe4 Rd6 1/2-1/2

[Event "Gibraltar Challengers op-B"]
[Site "Caleta"]
[Date "2019.01.27"]
[Round "2"]
[White "Dasaolu, Rotimi"]
[Black "Teh, Wee Zhun"]
[Result "0-1"]
[WhiteElo "2038"]
[BlackElo "1818"]
[PlyCount "98"]
[EventDate "2019.01.26"]
[EventType "swiss"]
[EventRounds "5"]
[EventCountry "GGB"]
[SourceTitle "CBM 188 Extra"]
[Source "ChessBase"]
[SourceDate "2019.02.28"]
[SourceVersion "1"]
[SourceVersionDate "2019.02.28"]
[SourceQuality "1"]

1. Nf3 d5 2. c4 c6 3. Qc2 Nf6 4. d4 dxc4 5. a4 Na6 6. Nbd2 Nb4 7. Qxc4 a5 8. e4 Bg4 9. Bd3 Nxd3+ 10. Qxd3 e6 11. 0-0 Bxf3 12. Nxf3 Be7 13. Rd1 0-0 14. h3 h6 15. Bf4 Re8 16. Qc2 Qb6 17. Rac1 Rad8 18. Be3 Qa6 19. Ne5 Bb4 20. g4 Nd7 21. f4 Nxe5 22. dxe5 Rxd1+ 23. Rxd1 b5 24. Qd3 Qb7 25. b3 bxa4 26. bxa4 c5 27. Qc4 Qc6 28. Kg2 Qxa4 29. Rd6 Qa3 30. Rd3 Qb2+ 31. Kf3 Qb1 32. Rd7 Qh1+ 33. Ke2 Qg2+ 34. Bf2 Qxh3 35. f5 Qxg4+ 36. Kf1 Qh3+ 37. Ke2 Rf8 38. f6 Qh5+ 39. Kf1 Qxe5 40. fxg7 Kxg7 41. Rd3 Kh7 42. Rh3 Qa1+ 43. Ke2 Qb2+ 44. Kf1 Qb1+ 45. Ke2 Rg8 46. Be3 Rg2+ 47. Kf3 Rg6 48. Qe2 f5 49. Bf4 Qb3+ 0-1

[Event "Gibraltar Masters 17th"]
[Site "Caleta"]
[Date "2019.01.24"]
[Round "3"]
[White "Solozhenkina, Elizaveta"]
[Black "Dasaolu, Rotimi"]
[Result "1-0"]
[WhiteElo "2279"]
[BlackElo "2038"]
[PlyCount "99"]
[EventDate "2019.01.22"]
[EventType "swiss"]
[EventRounds "10"]
[EventCountry "GGB"]
[SourceTitle "CBM 188 Extra"]
[Source "ChessBase"]
[SourceDate "2019.02.28"]
[SourceVersion "1"]
[SourceVersionDate "2019.02.28"]
[SourceQuality "1"]

1. e4 c6 2. d4 d5 3. Nc3 dxe4 4. Nxe4 Bf5 5. Ng3 Bg6 6. h4 h6 7. Nf3 Nd7 8. h5 Bh7 9. Bd3 Bxd3 10. Qxd3 Qc7 11. Bd2 Ngf6 12. 0-0-0 e6 13. Ne4 0-0-0 14. Nxf6 gxf6 15. Qe2 Bd6 16. g3 f5 17. Rhe1 Nf6 18. Ne5 Bxe5 19. dxe5 Ne4 20. Bf4 Qa5 21. a3 Qb6 22. f3 Ng5 23. Bxg5 hxg5 24. g4 f4 25. Rd6 Qc5 26. Red1 Rxd6 27. Rxd6 Qg1+ 28. Rd1 Qc5 29. b4 Qc3 30. Rd3 Qa1+ 31. Kd2 f6 32. exf6 Qxf6 33. Qf2 b6 34. Qd4 Qxd4 35. Rxd4 Kc7 36. Kd3 c5 37. bxc5 bxc5 38. Ra4 Kd6 39. Ke4 Rd8 40. Rxa7 Rb8 41. h6 Rb1 42. h7 Re1+ 43. Kd3 Rh1 44. a4 Rh3 45. Ke4 Rh1 46. a5 Re1+ 47. Kd3 Rh1 48. a6 Kd5 49. Rd7+ Kc6 50. a7 1-0

[Event "Gibraltar Masters 17th"]
[Site "Caleta"]
[Date "2019.01.23"]
[Round "2"]
[White "Dasaolu, Rotimi"]
[Black "Osmanodja, Filiz"]
[Result "1/2-1/2"]
[WhiteElo "2038"]
[BlackElo "2318"]
[PlyCount "158"]
[EventDate "2019.01.22"]
[EventType "swiss"]
[EventRounds "10"]
[EventCountry "GGB"]
[SourceTitle "CBM 188 Extra"]
[Source "ChessBase"]
[SourceDate "2019.02.28"]
[SourceVersion "1"]
[SourceVersionDate "2019.02.28"]
[SourceQuality "1"]

1. d4 Nf6 2. Nf3 e6 3. Bg5 h6 4. Bh4 c5 5. c3 cxd4 6. cxd4 Qa5+ 7. Nbd2 g5 8. Bg3 Nc6 9. e3 Ne4 10. Bd3 Nxg3 11. hxg3 Bg7 12. a3 b5 13. b4 Qb6 14. Ne4 Ne7 15. Qe2 Bb7 16. 0-0 a6 17. Rac1 d6 18. Rc2 f5 19. Ned2 0-0 20. Nb3 Rac8 21. Rfc1 Rxc2 22. Rxc2 Ba8 23. Na5 e5 24. dxe5 dxe5 25. e4 f4 26. gxf4 exf4 27. Rc5 Qe6 28. Bc2 Kh8 29. Nb3 g4 30. Nfd4 Qd7 31. e5 Qb7 32. Qxg4 Rg8 33. Qh3 Bf8 34. f3 Rg3 35. Qh5 Ng8 36. Rc6 Rg5 37. Qe8 Qg7 38. Rg6 Qxe5 39. Re6 Qg7 40. Rg6 Rxg6 41. Qxg6 Qxg6 42. Bxg6 Bd5 43. Kf1 Ne7 44. Be4 Bc4+ 45. Ke1 Nd5 46. Na5 Ba2 47. Kd2 Nxb4 48. Nab3 a5 49. Nxa5 Nd5 50. Nxb5 Ne3 51. Nc6 Bc4 52. a4 Nxg2 53. Kc3 Ne3 54. Nbd4 h5 55. Ne5 Bf1 56. Ng6+ Kg8 57. Nxf4 h4 58. Nf5 Nxf5 59. Bxf5 Bg7+ 60. Kb4 Bf8+ 61. Kb3 Bd6 62. Nh3 Bc7 63. Kb4 Bd6+ 64. Kc3 Bc7 65. Kd4 Kf7 66. Kd5 Kf6 67. Bg4 Ba5 68. Ke4 Bd2 69. Nf4 Kg5 70. Nh3+ Kf6 71. Kd4 Ba5 72. Kd5 Be1 73. Kc5 Bd2 74. Kd5 Be1 75. Kd4 Ba5 76. Bd7 Bb6+ 77. Ke4 Ba5 78. Kf4 Be1 79. Kg4 Bxh3+ 1/2-1/2

[Event "Gibraltar Masters 16th"]
[Site "Caleta"]
[Date "2018.01.31"]
[Round "9"]
[White "Obiamiwe, Paul"]
[Black "Dasaolu, Rotimi"]
[Result "1-0"]
[WhiteElo "1891"]
[BlackElo "2064"]
[PlyCount "55"]
[EventDate "2018.01.23"]
[EventType "swiss"]
[EventRounds "10"]
[EventCountry "GGB"]
[SourceTitle "CBM 183"]
[Source "ChessBase"]
[SourceDate "2018.03.14"]
[SourceVersion "1"]
[SourceVersionDate "2018.03.14"]
[SourceQuality "1"]

1. Nf3 c5 2. c4 b6 3. g3 Bb7 4. Bg2 g6 5. 0-0 Bg7 6. Nc3 Nh6 7. d3 0-0 8. Bg5 f6 9. Bf4 a6 10. Rb1 Nc6 11. a3 e5 12. Bd2 Ne7 13. b4 cxb4 14. axb4 d5 15. Ne1 Qd7 16. cxd5 Nf7 17. e4 Nd6 18. Na4 Qb5 19. Nc3 Qd7 20. Na4 Qb5 21. Be3 Nec8 22. Qb3 Kh8 23. Nc2 f5 24. Na3 Qd7 25. Nxb6 Nxb6 26. Bxb6 Qe7 27. Bc5 Qd7 28. Nc4 1-0

[Event "Gibraltar Masters 16th"]
[Site "Caleta"]
[Date "2018.01.29"]
[Round "7"]
[White "Dasaolu, Rotimi"]
[Black "Odeh, Kenneth"]
[Result "1-0"]
[WhiteElo "2064"]
[BlackElo "1922"]
[PlyCount "129"]
[EventDate "2018.01.23"]
[EventType "swiss"]
[EventRounds "10"]
[EventCountry "GGB"]
[SourceTitle "CBM 183"]
[Source "ChessBase"]
[SourceDate "2018.03.14"]
[SourceVersion "1"]
[SourceVersionDate "2018.03.14"]
[SourceQuality "1"]

1. g3 Nf6 2. Bg2 d5 3. d3 c6 4. Nd2 g6 5. Ngf3 Bg7 6. 0-0 0-0 7. e4 Bg4 8. h3 dxe4 9. hxg4 exf3 10. Bxf3 Nbd7 11. Qe2 Re8 12. g5 Nd5 13. Bg2 Nf8 14. Ne4 Ne6 15. c3 a5 16. d4 a4 17. a3 Qc7 18. Bh3 Nf8 19. f4 b6 20. c4 e6 21. Qf2 Ne7 22. Nf6+ Kh8 23. Nxe8 Rxe8 24. Bd2 b5 25. Rac1 Rd8 26. cxb5 Qb6 27. Bc3 Qxb5 28. Rfd1 Nd5 29. Kh2 Nd7 30. Bf1 Qb6 31. Bc4 Nxc3 32. bxc3 Qa5 33. Bf1 Bf8 34. Qc2 h6 35. gxh6 Bxh6 36. Qe4 Bg7 37. Be2 Rc8 38. Kg2 Kg8 39. g4 Nf6 40. Qf3 Qc7 41. c4 Rb8 42. Qe3 Rb2 43. Kh3 Bf8 44. g5 Ne8 45. c5 Qb8 46. Kg4 Nc7 47. Bc4 Nd5 48. Bxd5 exd5 49. Rd2 Rb3 50. Rc3 Rb1 51. Kg3 Ra1 52. Rdc2 Rb1 53. Re2 Rd1 54. Rd3 Rb1 55. Qf2 Qb5 56. Rde3 Qc4 57. Re8 Rb3+ 58. Kg4 Rxa3 59. Qh2 Qxd4 60. R2e5 Qxc5 61. Rd8 Ra1 62. Ree8 f5+ 63. gxf6 Rg1+ 64. Kh4 g5+ 65. Kh5 1-0

[Event "Gibraltar Masters 16th"]
[Site "Caleta"]
[Date "2018.01.28"]
[Round "6"]
[White "Meszaros, Andras"]
[Black "Dasaolu, Rotimi"]
[Result "1-0"]
[WhiteElo "2258"]
[BlackElo "2064"]
[PlyCount "51"]
[EventDate "2018.01.23"]
[EventType "swiss"]
[EventRounds "10"]
[EventCountry "GGB"]
[SourceTitle "CBM 183"]
[Source "ChessBase"]
[SourceDate "2018.03.14"]
[SourceVersion "1"]
[SourceVersionDate "2018.03.14"]
[SourceQuality "1"]

1. d4 Nf6 2. Nf3 e6 3. c4 b6 4. a3 Bb7 5. Nc3 d5 6. cxd5 Nxd5 7. e3 Nd7 8. Bd3 c5 9. 0-0 cxd4 10. exd4 Be7 11. Re1 0-0 12. Bd2 a6 13. Qe2 b5 14. Ne5 N7f6 15. Qf3 Qb6 16. Qh3 Qxd4 17. Nd7 Rfd8 18. Nxd5 Bxd5 19. Nxf6+ Bxf6 20. Qxh7+ Kf8 21. Bb4+ Ke8 22. Qg8+ Kd7 23. Qxf7+ Kc8 24. Rac1+ Bc4 25. Bxc4 bxc4 26. Qxe6+ 1-0

[Event "Gibraltar Masters 15th"]
[Site "Caleta"]
[Date "2017.02.01"]
[Round "9"]
[White "Baert, Andy"]
[Black "Dasaolu, Rotimi"]
[Result "1-0"]
[WhiteElo "2210"]
[BlackElo "2051"]
[PlyCount "117"]
[EventDate "2017.01.24"]
[EventType "swiss"]
[EventRounds "10"]
[EventCountry "GGB"]
[SourceTitle "CBM 177"]
[Source "ChessBase"]
[SourceDate "2017.03.16"]
[SourceVersion "1"]
[SourceVersionDate "2017.03.16"]
[SourceQuality "1"]

1. d4 Nf6 2. c4 c5 3. d5 b5 4. cxb5 a6 5. bxa6 g6 6. Nc3 d6 7. e4 Bg7 8. Nf3 0-0 9. Be2 Qb6 10. 0-0 Bxa6 11. Re1 Nfd7 12. Qc2 Bxe2 13. Qxe2 Na6 14. Bg5 Rfe8 15. Rab1 h6 16. Bf4 Nc7 17. Qd2 g5 18. Bg3 Nb5 19. h4 f6 20. hxg5 hxg5 21. Nxb5 Qxb5 22. b3 Ra3 23. Rbc1 Rea8 24. Rc2 Nb6 25. Re2 Kf7 26. Qc1 Nd7 27. Nh2 Nb8 28. f3 R3a7 29. Ng4 Na6 30. Be1 Nc7 31. Ne3 Qd7 32. Nc4 Rh8 33. g4 Nb5 34. Bf2 Qb7 35. Qd2 Na3 36. Nxa3 Rxa3 37. Kg2 Rha8 38. Qd3 R8a6 39. Qd2 Bf8 40. e5 fxe5 41. Qxg5 Qxd5 42. Qh5+ Kg8 43. Qg6+ Bg7 44. Be3 Qf7 45. Qd3 Ra8 46. Kg3 Qe6 47. Rh2 Kf7 48. Rh5 e4 49. Qe2 exf3 50. Qxf3+ Kg8 51. Re2 Rxa2 52. Bd2 Qg6 53. Rg5 Qf7 54. Rf5 Bf6 55. g5 Qg6 56. Qd5+ Kg7 57. Rxe7+ Bxe7 58. Bc3+ Kh7 59. Qh1+ 1-0

[Event "Gibraltar Masters 15th"]
[Site "Caleta"]
[Date "2017.01.31"]
[Round "8"]
[White "Dasaolu, Rotimi"]
[Black "Bergstrom, Rolf"]
[Result "0-1"]
[WhiteElo "2051"]
[BlackElo "2268"]
[PlyCount "124"]
[EventDate "2017.01.24"]
[EventType "swiss"]
[EventRounds "10"]
[EventCountry "GGB"]
[SourceTitle "CBM 177"]
[Source "ChessBase"]
[SourceDate "2017.03.16"]
[SourceVersion "1"]
[SourceVersionDate "2017.03.16"]
[SourceQuality "1"]

1. Nf3 d6 2. d4 Nf6 3. Bg5 Nbd7 4. c4 c5 5. Nc3 Qb6 6. Qd2 h6 7. Be3 e6 8. h3 a6 9. Rc1 Be7 10. g4 Qc7 11. Bg2 cxd4 12. Nxd4 Ne5 13. b3 Bd7 14. Ne4 Rd8 15. 0-0 h5 16. g5 Nxe4 17. Bxe4 g6 18. Rfd1 0-0 19. Bg2 Qb8 20. f4 Nc6 21. h4 Rc8 22. Bf2 Rfd8 23. Nxc6 Bxc6 24. Bb6 Rd7 25. e4 Bd8 26. Bd4 Bc7 27. Ba1 Re8 28. Qc3 e5 29. f5 Qa7+ 30. Kf1 Bb6 31. Qg3 Be3 32. Rc3 Bc5 33. Rcd3 b5 34. Bc3 a5 35. Be1 bxc4 36. bxc4 Qa6 37. Rc1 d5 38. exd5 e4 39. Bxe4 Rxe4 40. dxc6 Rxd3 41. Qxd3 Rf4+ 42. Kg2 Qxc6+ 43. Qd5 Qc8 44. Rd1 Bb6 45. Bg3 Rxf5 46. Qe4 Qc5 47. Re1 Kh7 48. Rb1 a4 49. Rb5 Qg1+ 50. Kh3 Rxb5 51. cxb5 Qf1+ 52. Qg2 Qxb5 53. Qc2 Qd5 54. Kh2 Qd4 55. Kh3 Qa1 56. Qg2 a3 57. Qd5 Qf1+ 58. Qg2 Qc4 59. Qd2 Bd4 60. Bf4 Bb2 61. Kg2 Qxa2 62. Be5 Qb3 0-1

[Event "Gibraltar Challenger op-B"]
[Site "Caleta"]
[Date "2017.01.29"]
[Round "2"]
[White "Van Kemenade, Rudy"]
[Black "Dasaolu, Rotimi"]
[Result "0-1"]
[WhiteElo "1955"]
[BlackElo "2051"]
[PlyCount "80"]
[EventDate "2017.01.28"]
[EventType "swiss"]
[EventRounds "5"]
[EventCountry "GGB"]
[SourceTitle "EXT 2018"]
[Source "ChessBase"]
[SourceDate "2017.10.13"]
[SourceVersion "1"]
[SourceVersionDate "2017.10.13"]
[SourceQuality "1"]

1. f4 d5 2. Nf3 c5 3. g3 g6 4. Bg2 Bg7 5. d3 Nc6 6. 0-0 e6 7. c3 Nge7 8. Qe1 d4 9. Na3 0-0 10. Nc2 Rb8 11. c4 b6 12. a3 Na5 13. Nd2 Bb7 14. b4 Bxg2 15. Kxg2 Nac6 16. Nb3 Qd6 17. b5 Nd8 18. a4 Nb7 19. a5 Qc7 20. Bd2 Nd6 21. Qf2 Rbe8 22. Qf3 Nec8 23. Rae1 Nf5 24. axb6 axb6 25. Kh1 h5 26. h3 h4 27. gxh4 Nxh4 28. Qg4 Nf5 29. Rf3 Bf6 30. e4 dxe3 31. Nxe3 Nce7 32. Qg1 Nxe3 33. Bxe3 Nf5 34. Bf2 Kg7 35. Nd2 Bc3 36. Re2 Bxd2 37. Rxd2 Qb7 38. Kg2 Rd8 39. d4 cxd4 40. Bxd4+ Rxd4 0-1

[Event "Gibraltar Masters 15th"]
[Site "Caleta"]
[Date "2017.01.26"]
[Round "3"]
[White "Sahl, Bjarke"]
[Black "Dasaolu, Rotimi"]
[Result "1-0"]
[WhiteElo "2363"]
[BlackElo "2051"]
[PlyCount "51"]
[EventDate "2017.01.24"]
[EventType "swiss"]
[EventRounds "10"]
[EventCountry "GGB"]
[SourceTitle "CBM 177"]
[Source "ChessBase"]
[SourceDate "2017.03.16"]
[SourceVersion "1"]
[SourceVersionDate "2017.03.16"]
[SourceQuality "1"]

1. d4 Nf6 2. Nf3 e6 3. c4 b6 4. g3 Bb7 5. Bg2 Bb4+ 6. Nc3 Bxc3+ 7. bxc3 0-0 8. 0-0 d6 9. a4 Qc8 10. Re1 Nbd7 11. a5 Be4 12. Bh3 Bb7 13. Nd2 a6 14. e4 e5 15. f4 Re8 16. Bg2 Ra7 17. Ba3 bxa5 18. fxe5 dxe5 19. c5 Nf8 20. d5 c6 21. Nc4 cxd5 22. Nd6 Qe6 23. Nxe8 Qxe8 24. exd5 Bc8 25. c6 Bg4 26. Qd2 1-0

[Event "Gibraltar Masters 14th"]
[Site "Caleta"]
[Date "2016.01.31"]
[Round "6"]
[White "Dasaolu, Rotimi"]
[Black "Kristinsson, Magnus"]
[Result "1-0"]
[WhiteElo "2060"]
[BlackElo "1776"]
[PlyCount "83"]
[EventDate "2016.01.26"]
[EventType "swiss"]
[EventRounds "10"]
[EventCountry "GGB"]
[SourceTitle "CBM 171"]
[Source "ChessBase"]
[SourceDate "2016.03.14"]
[SourceVersion "2"]
[SourceVersionDate "2016.03.14"]
[SourceQuality "1"]

1. e4 c5 2. Nf3 d6 3. Bb5+ Bd7 4. Bxd7+ Qxd7 5. 0-0 Nc6 6. c3 Nf6 7. Qe2 e6 8. Rd1 Be7 9. d4 Qc7 10. d5 Nd8 11. c4 0-0 12. Nc3 Nd7 13. Bf4 a6 14. h3 e5 15. Bg3 f5 16. exf5 Rxf5 17. Rac1 Nf8 18. Qe4 Rf6 19. Nh2 Ng6 20. Ng4 Rf8 21. Re1 Bg5 22. Rcd1 Nf7 23. Qc2 Nfh8 24. Ne4 Bf4 25. h4 Bxg3 26. fxg3 Qd7 27. Qe2 h6 28. Ne3 b5 29. b3 Nf7 30. Rf1 b4 31. Qh5 Nfh8 32. Nf5 a5 33. Nfxd6 Ra6 34. Rxf8+ Nxf8 35. Nb5 Rg6 36. Rf1 Nf7 37. Nxc5 Qd8 38. Ne4 Qb6+ 39. Kh2 Qe3 40. Qf5 Nd6 41. Qxf8+ Kh7 42. Nbxd6 1-0

[Event "Gibraltar Challengers-B 14th"]
[Site "Caleta"]
[Date "2016.01.31"]
[Round "2"]
[White "Dasaolu, Rotimi"]
[Black "Verneuil, Pascal"]
[Result "0-1"]
[WhiteElo "2060"]
[BlackElo "2205"]
[PlyCount "119"]
[EventDate "2016.01.30"]
[EventType "swiss"]
[EventRounds "5"]
[EventCountry "GGB"]
[SourceTitle "CBM 170 Extra"]
[Source "ChessBase"]
[SourceDate "2016.02.25"]
[SourceVersion "1"]
[SourceVersionDate "2016.02.25"]
[SourceQuality "1"]

1. e4 c5 2. Nf3 Nc6 3. Bb5 e6 4. Bxc6 bxc6 5. e5 Ne7 6. 0-0 Ng6 7. d3 Be7 8. Nbd2 f6 9. Nc4 0-0 10. Qe2 fxe5 11. Nfxe5 Nxe5 12. Nxe5 Bf6 13. Bd2 d6 14. Nc4 Rb8 15. Ba5 Qd7 16. Rab1 Ba6 17. b3 Rbe8 18. Rbd1 e5 19. Bc3 Bc8 20. Bb2 Qc7 21. Qd2 Qe7 22. Rde1 Bg5 23. Qa5 Rf6 24. d4 cxd4 25. Bxd4 Qf7 26. Be3 Qh5 27. Bxg5 Qxg5 28. Re3 d5 29. Rg3 Qh6 30. Ne3 Rf7 31. Qc5 Ref8 32. h3 e4 33. c4 Ba6 34. Ng4 Qe6 35. Rd1 Rd7 36. Rd2 Rfd8 37. cxd5 cxd5 38. Qd4 Re7 39. Rc2 Qb6 40. Rc5 Kh8 41. Rgc3 h5 42. Ne5 Bb7 43. b4 Qf6 44. Nc6 Bxc6 45. Qxf6 gxf6 46. Rxc6 Kg7 47. Kf1 d4 48. R3c5 e3 49. fxe3 Rxe3 50. Rc2 Kg6 51. R6c5 Re5 52. Rc7 a5 53. bxa5 Rxa5 54. R7c6 d3 55. Rd2 Kf5 56. Kf2 Re5 57. Rc3 Ke4 58. Rb3 Rf5+ 59. Ke1 h4 60. Rb4+ 0-1

[Event "Gibraltar Masters 14th"]
[Site "Caleta"]
[Date "2016.01.30"]
[Round "5"]
[White "Piasetski, Leon David"]
[Black "Dasaolu, Rotimi"]
[Result "1-0"]
[WhiteElo "2277"]
[BlackElo "2060"]
[PlyCount "77"]
[EventDate "2016.01.26"]
[EventType "swiss"]
[EventRounds "10"]
[EventCountry "GGB"]
[SourceTitle "CBM 171"]
[Source "ChessBase"]
[SourceDate "2016.03.14"]
[SourceVersion "2"]
[SourceVersionDate "2016.03.14"]
[SourceQuality "1"]

1. Nf3 d6 2. d4 Bg4 3. e4 Nf6 4. h3 Bh5 5. Nc3 c6 6. Qe2 Bxf3 7. Qxf3 e5 8. Be3 Nbd7 9. 0-0-0 Qe7 10. g4 g6 11. g5 Nh5 12. dxe5 dxe5 13. Bc4 Nb6 14. Bb3 Bg7 15. Rd2 0-0 16. Rhd1 Nf4 17. a4 Qb4 18. Na2 Qa5 19. Rd6 Nxa4 20. Bd2 Qa6 21. Bb4 Ne2+ 22. Kb1 Nd4 23. R6xd4 exd4 24. Bxf8 Rxf8 25. Nb4 Qa5 26. Nd3 Nc5 27. Nxc5 Qxc5 28. h4 b5 29. Qg3 a5 30. f4 a4 31. Ba2 Re8 32. e5 Bf8 33. h5 Qb4 34. hxg6 hxg6 35. Qd3 Kg7 36. Rh1 a3 37. Bb3 a2+ 38. Ka1 Re7 39. Qh3 1-0

[Event "Gibraltar Challengers-B 13th"]
[Site "Caleta"]
[Date "2015.02.03"]
[Round "4"]
[White "Dasaolu, Rotimi"]
[Black "Dolzhikova, Olga"]
[Result "0-1"]
[WhiteElo "2053"]
[BlackElo "2194"]
[PlyCount "138"]
[EventDate "2015.01.31"]
[EventType "swiss"]
[EventRounds "5"]
[EventCountry "GGB"]
[SourceTitle "CBM 164 Extra"]
[Source "ChessBase"]
[SourceDate "2015.03.02"]
[SourceVersion "1"]
[SourceVersionDate "2015.03.02"]
[SourceQuality "1"]

1. Nf3 Nf6 2. c4 e6 3. g3 d5 4. Bg2 d4 5. d3 c5 6. b4 cxb4 7. a3 Nc6 8. 0-0 b3 9. Nbd2 Be7 10. Qxb3 0-0 11. a4 Nd7 12. Ba3 f5 13. Rfb1 Kh8 14. Bxe7 Qxe7 15. Qa3 Qf6 16. Qd6 Rd8 17. a5 a6 18. Nb3 Nf8 19. Qc7 Rd7 20. Qf4 e5 21. Qg5 Qf7 22. Nh4 Rd6 23. Bd5 Qe8 24. Nc5 h6 25. Qd2 g5 26. Ng2 Qe7 27. Rb2 Rb8 28. Rab1 Nd8 29. Qb4 b5 30. Na4 Bb7 31. Nb6 Nc6 32. Qd2 Na7 33. e4 f4 34. Qe2 Bc8 35. Qh5 Kg7 36. h4 Nh7 37. Nxc8 Rxc8 38. Qg4 Rf8 39. hxg5 Qxg5 40. Qh3 fxg3 41. fxg3 Rf3 42. Kh2 Nf6 43. Nh4 Rd8 44. Nf5+ Kh7 45. Rd1 Ng4+ 46. Kg1 Ne3 47. Nxe3 Qxe3+ 48. Kh2 Rf2+ 49. Rxf2 Qxf2+ 50. Qg2 Rf8 51. Rd2 Qe3 52. c5 Rf6 53. Qe2 Qg5 54. Rc2 Nc6 55. Bxc6 Rxc6 56. Qg2 Qe7 57. Qf3 Rxc5 58. Qf5+ Kh8 59. Rf2 Rc7 60. Qg6 Qg7 61. Qxa6 b4 62. Qa8+ Kh7 63. a6 b3 64. Qb8 Rc2 65. Rg2 Qf7 66. a7 Qh5+ 67. Kg1 Rc1+ 68. Kf2 Qf7+ 69. Ke2 Qf1+ 0-1

[Event "Gibraltar Challengers-B 13th"]
[Site "Caleta"]
[Date "2015.01.31"]
[Round "1"]
[White "Risting, Eivind Olav"]
[Black "Dasaolu, Rotimi"]
[Result "1-0"]
[WhiteElo "1903"]
[BlackElo "2053"]
[PlyCount "98"]
[EventDate "2015.01.31"]
[EventType "swiss"]
[EventRounds "5"]
[EventCountry "GGB"]
[SourceTitle "CBM 164 Extra"]
[Source "ChessBase"]
[SourceDate "2015.03.02"]
[SourceVersion "1"]
[SourceVersionDate "2015.03.02"]
[SourceQuality "1"]

1. e4 c6 2. d4 d5 3. e5 Bf5 4. h4 h6 5. g4 Be4 6. f3 Bh7 7. e6 fxe6 8. Bd3 Qd6 9. Ne2 e5 10. dxe5 Qxe5 11. Kf2 Nd7 12. Bxh7 Rxh7 13. Qd3 Ngf6 14. Nbc3 Qd6 15. Nd4 0-0-0 16. Nf5 Qc7 17. Be3 e6 18. Nd4 Ne5 19. Qe2 Qf7 20. Kg2 Bd6 21. a4 Re8 22. b3 Rhh8 23. a5 a6 24. Na4 c5 25. Nb5 axb5 26. Bxc5 Bxc5 27. Nxc5 Qc7 28. Qxb5 Qc6 29. Qb4 d4 30. Rh3 Nfd7 31. Ne4 Kc7 32. Qxd4 Qd5 33. Qb4 Nc6 34. Qc3 Qd4 35. Qe1 Nf6 36. Rd1 Qe5 37. Nxf6 gxf6 38. Qf2 Qxa5 39. Rhh1 Rd8 40. Rhe1 Rxd1 41. Rxd1 Rd8 42. Rxd8 Kxd8 43. Qe3 Qe5 44. Qxh6 Nd4 45. Qf8+ Kc7 46. Qe7+ Kc6 47. Qe8+ Kb6 48. Qd8+ Ka7 49. f4 Qe2+ 1-0

[Event "London Golders Green op U2200 5th"]
[Site "London"]
[Date "2015.01.17"]
[Round "1"]
[White "Sagues, Vincent"]
[Black "Dasaolu, Rotimi"]
[Result "1/2-1/2"]
[WhiteElo "1923"]
[BlackElo "2053"]
[PlyCount "99"]
[EventDate "2015.01.17"]
[EventType "swiss"]
[EventRounds "5"]
[EventCountry "ENG"]
[SourceTitle "EXT 2018"]
[Source "ChessBase"]
[SourceDate "2017.10.13"]
[SourceVersion "1"]
[SourceVersionDate "2017.10.13"]
[SourceQuality "1"]

1. e4 d5 2. exd5 Qxd5 3. Nc3 Qa5 4. d4 c6 5. Nf3 Nf6 6. Be2 Bf5 7. 0-0 h6 8. Bd2 e6 9. Ne4 Qb6 10. Nxf6+ gxf6 11. b3 Nd7 12. Be3 Qc7 13. Nh4 Be4 14. f3 Bh7 15. f4 Be4 16. Bf3 Bxf3 17. Nxf3 f5 18. Ne5 Nf6 19. Bf2 Ne4 20. Bh4 h5 21. Qd3 Bd6 22. Qe3 f6 23. Nc4 Kf7 24. Nd2 Nxd2 25. Qxd2 Rag8 26. h3 Rg6 27. Rae1 Qd7 28. Qe3 Bc7 29. Rd1 Qd5 30. Qf3 Rhg8 31. Qxd5 cxd5 32. Rd2 Ba5 33. Re2 Bc3 34. Rd1 b5 35. Rd3 b4 36. Rd1 Rc8 37. Be1 Rc6 38. Bxc3 Rxc3 39. Kf2 Rg8 40. a4 bxa3 41. Ra1 Rgc8 42. Rxa3 Rxc2 43. Rxa7+ Kg6 44. Re7 Rxe2+ 45. Kxe2 Rc2+ 46. Kd3 Rxg2 47. Rxe6 Rg3+ 48. Re3 Rg1 49. Ke2 Rg2+ 50. Kf3 1/2-1/2

[Event "Lagos PLC op 37th"]
[Site "Lagos"]
[Date "2014.10.18"]
[Round "6"]
[White "Dasaolu, Rotimi"]
[Black "Ameku, Philip Elikem"]
[Result "1-0"]
[WhiteElo "2048"]
[BlackElo "1850"]
[PlyCount "49"]
[EventDate "2014.10.16"]
[EventType "swiss"]
[EventRounds "7"]
[EventCountry "NGR"]
[SourceTitle "CBM 163 Extra"]
[Source "ChessBase"]
[SourceDate "2014.12.23"]
[SourceVersion "1"]
[SourceVersionDate "2014.12.23"]
[SourceQuality "1"]

1. Nf3 Nf6 2. c4 g6 3. d4 c5 4. d5 d6 5. Nc3 Bg7 6. h3 e6 7. e4 exd5 8. exd5 0-0 9. Be2 Na6 10. 0-0 Re8 11. Bg5 Qb6 12. Qd2 Bd7 13. Bd3 Nb4 14. Bb1 a5 15. a3 Na6 16. Bd3 Qc7 17. Rad1 Qc8 18. Qf4 Nh5 19. Qxd6 Bxh3 20. Rfe1 Qg4 21. Bf1 Qf5 22. Be3 Bg4 23. Be2 Bxf3 24. Bxf3 Be5 25. Qb6 1-0

[Event "Lagos Malogy op"]
[Site "Lagos"]
[Date "2014.04.14"]
[Round "9"]
[White "Ajibowo, Olamide Patrick"]
[Black "Dasaolu, Rotimi"]
[Result "0-1"]
[WhiteElo "2189"]
[BlackElo "2043"]
[PlyCount "160"]
[EventDate "2014.04.10"]
[EventType "tourn"]
[EventRounds "9"]
[EventCountry "NGR"]
[SourceTitle "EXT 2018"]
[Source "ChessBase"]
[SourceDate "2017.10.13"]
[SourceVersion "1"]
[SourceVersionDate "2017.10.13"]
[SourceQuality "1"]

1. e4 d5 2. exd5 Qxd5 3. Nc3 Qd6 4. d4 Nf6 5. Bc4 a6 6. Nf3 b5 7. Bb3 Bb7 8. 0-0 e6 9. Be3 Nbd7 10. h3 c5 11. dxc5 Qxd1 12. Raxd1 Bxf3 13. gxf3 Nxc5 14. Bxc5 Bxc5 15. Ne4 Be7 16. a4 0-0 17. axb5 axb5 18. Rd3 Rfd8 19. Rfd1 Rxd3 20. Rxd3 Kf8 21. Nc3 Rb8 22. Kf1 Bb4 23. Ne2 Ke7 24. Nd4 Rb6 25. Ba2 Bc5 26. Nb3 Bd6 27. Nd2 Ra6 28. Bb3 Nd5 29. Nb1 Nf4 30. Rd1 Nxh3 31. Nc3 b4 32. Ne4 Nf4 33. Re1 Ra5 34. Kg1 Be5 35. Ng3 h5 36. Re4 Bd6 37. Re1 Rg5 38. Kh1 f5 39. Bc4 Bc5 40. Rf1 h4 41. Ne2 Nh3 42. f4 Rg6 43. f3 Bd6 44. Ra1 Nxf4 45. Ra7+ Kd8 46. Ra6 Kd7 47. Ra7+ Kc6 48. Ra6+ Kd7 49. Rxd6+ Kxd6 50. Nxf4 Rg3 51. Nxe6 g5 52. f4 g4 53. Ng7 Kc5 54. b3 Rh3+ 55. Kg2 Rg3+ 56. Kh2 Rh3+ 57. Kg2 Rf3 58. Nxf5 h3+ 59. Kg1 Rxf4 60. Bd3 Rf3 61. Be4 Rf4 62. Bd3 Kd5 63. Ng3 Ke5 64. Bh7 Rf7 65. Bg6 Rd7 66. Bd3 Kf4 67. Kf2 Ra7 68. Ne2+ Kg5 69. Kg3 Ra1 70. Bc4 Rf1 71. Bd3 Rf3+ 72. Kh2 Kh4 73. Nd4 g3+ 74. Kh1 Rf8 75. Nf5+ Kg4 76. Ne3+ Kf3 77. Nf5 Rxf5 78. Bxf5 g2+ 79. Kg1 h2+ 80. Kxh2 Kf2 0-1